000 00651cam a22002413a 4500
001 27459
003 PGUSA
005 20140828083607.0
008 081209s2008||||xxu|||||s|||||000 1 eng d
040 _aPGUSA
_beng
042 _adc
050 4 _aPL
100 1 _aYue, Jun,
_d1766-1814
245 1 0 _a耳食錄
_h[electronic resource] /
_cJun Yue
260 _bProject Gutenberg,
_c2008
506 _aPublic domain in the USA.
516 _aElectronic text
653 _aChinese fiction -- Qing dynasty, 1644-1912
740 0 _aEr shi lu
830 0 _aProject Gutenberg
_v27459
856 4 0 _uhttp://www.gutenberg.org/ebooks/27459
942 _cEB
999 _c256714
_d256714